European Darts Tour Sieger - Statistiken

Allgemein
  • Dieses Quiz wurde 504 mal gespielt
    168 seit der letzten Aktualisierung
  • Das Durchschnittsergebnis liegt bei 25 aus 39
Antwortstatistiken
Siege Nationalität Spieler % Korrekt
38 Niederlande Michael van Gerwen
100%
8 Wales Gerwyn Price
99%
9 Schottland Peter Wright
99%
3 Deutschland Martin Schindler
97%
2 Schottland Gary Anderson
93%
7 England Luke Humphries
89%
1 Australien Damon Heta
87%
2 Wales Jonny Clayton
87%
1 Nordirland Josh Rock
87%
3 England Luke Littler
86%
4 England Phil Taylor
85%
1 Australien Simon Whitlock
85%
2 Polen Krzysztof Ratajski
84%
3 Österreich Mensur Suljović
84%
1 Deutschland Max Hopp
79%
6 England Michael Smith
79%
1 Nordirland Daryl Gurney
78%
1 Portugal José de Sousa
78%
1 England Nathan Aspinall
78%
1 Niederlande Raymond van Barneveld
72%
1 Deutschland Ricardo Pietreczko
72%
8 England Dave Chisnall
70%
2 England James Wade
70%
1 Kanada John Part
70%
2 England Rob Cross
70%
2 Belgien Kim Huybrechts
69%
1 England Adrian Lewis
57%
1 England Stephen Bunting
55%
1 Südafrika Devon Petersen
54%
3 England Joe Cullen
44%
1 Schottland Robert Thornton
39%
3 England Ian White
35%
1 England Mervyn King
27%
1 Niederlande Vincent van der Voort
27%
1 England Steve Beaton
15%
1 England Jamie Hughes
13%
1 England Justin Pipe
12%
1 England Wes Newton
11%
1 England Alan Norris
10%
Keine übereinstimmenden Quizze gefunden
Verteilung der Resultate
Anzahl Personen mit jedem Resultat
Perzentil nach korrekt beantworteten Fragen
Ihre Resultats-Entwicklung
Sie haben dieses Quiz seit der letzten Aktualisierung nicht gespielt